Score 0/16 Timer 02:00
0 Plays Today
Question Answer Wrong Answers
Moped Road (or Off-Road)
92.8%
Rail
2.7%
Air
0.9%
Water
0%
Jet Ski Water
90.1%
Road (or Off-Road)
2.7%
Rail
0%
Air
3.6%
Hatchback Road (or Off-Road)
89.2%
Rail
0.9%
Air
3.6%
Water
0.9%
Battlecruiser Water
89.2%
Road (or Off-Road)
3.6%
Rail
0.9%
Air
1.8%
Jet Pack Air
89.2%
Road (or Off-Road)
0.9%
Rail
0.9%
Water
5.4%
Warbird Air
85.6%
Road (or Off-Road)
1.8%
Rail
0%
Water
7.2%
Blimp Air
84.7%
Road (or Off-Road)
5.4%
Rail
2.7%
Water
3.6%
Roller Coaster Rail
82.9%
Road (or Off-Road)
8.1%
Air
2.7%
Water
0%
Switcher Rail
82%
Road (or Off-Road)
6.3%
Air
3.6%
Water
2.7%
Tilting Trike Road (or Off-Road)
78.4%
Rail
12.6%
Air
1.8%
Water
1.8%
Grader Road (or Off-Road)
65.8%
Rail
13.5%
Air
9.9%
Water
4.5%
Airboat Water
63.1%
Road (or Off-Road)
0.9%
Rail
1.8%
Air
30.6%
Punt Water
59.5%
Road (or Off-Road)
17.1%
Rail
12.6%
Air
5.4%
Tiltrotor Air
51.4%
Road (or Off-Road)
17.1%
Rail
25.2%
Water
1.8%
Draisine Rail
44.1%
Road (or Off-Road)
6.3%
Air
18.9%
Water
26.1%
Rotary Snowplow Rail
21.6%
Road (or Off-Road)
71.2%
Air
0%
Water
0.9%
Remove Ads.
Support Sporcle.
Get the best of Sporcle when you Go Orange. This ad-free experience offers more features, more stats, and more fun while also helping to support Sporcle. Thank you for becoming a member.

You're not logged in!

Compare scores with friends on all Sporcle quizzes.
OR
Log In

Sporcle TV

Today on Sporcle TV


Watch our educational content, quiz creation guides, and fun videos on Sporcle TV.

Show Comments

Extras

Top Quizzes Today


Score Distribution

Paid Content

Your Account Isn't Verified!

In order to create a playlist on Sporcle, you need to verify the email address you used during registration. Go to your Sporcle Settings to finish the process.

Report this User

Report this user for behavior that violates our Community Guidelines.

Details: